Cost Accounting / (Record no. 176860)

MARC details
000 -LEADER
fixed length control field 00488nam a22001817a 4500
005 - DATE AND TIME OF LATEST TRANSACTION
control field 20210227120452.0
010 ## - LCCN (DPL NO)
LC control number B-58610
020 ## - INTERNATIONAL STANDARD BOOK NUMBER
International Standard Book Number 8185989745
035 ## - SYSTEM CONTROL NUMBER
System control number B-58610
037 ## - SOURCE OF ACQUISITION
Source of stock number/acquisition Galgotia Publishing Company
082 ## - DEWEY DECIMAL CLASSIFICATION NUMBER
Classification number 657.42
100 ## - MAIN ENTRY--PERSONAL NAME
Personal name Mittal, D. K.
245 ## - TITLE STATEMENT
Title Cost Accounting /
Statement of responsibility, etc Mittal, D. K.
260 ## - PUBLICATION, DISTRIBUTION, ETC. (IMPRINT)
Place of publication, distribution, etc New Delhi
Name of publisher, distributor, etc Galgotia Publishing Company
Date of publication, distribution, etc 2001
300 ## - PHYSICAL DESCRIPTION
Extent 1330p.
Dimensions 23cm (HB)
710 ## - ADDED ENTRY--CORPORATE NAME
Corporate name or jurisdiction name as entry element Mittal, Luv
942 ## - ADDED ENTRY ELEMENTS (KOHA)
Source of classification or shelving scheme Dewey Decimal Classification
Item type English Books
Classification part 657.42
Call number suffix MIT
Holdings
Withdrawn status Lost status Not for loan Collection code Home library Current library Date acquired Full call number Barcode Koha item type
      Non-fiction Central Library Central Library 28/01/2021 657.42 MIT B-058610 English Books

© Delhi Public Library
Hit Counter
free hit counter